عرض عادي
عرض مارك
- Salat, Anna
مدخل إسم شخص
001 - رقم الضبط
- حقل الضبط: 64318
003 - معرف رقم الضبط
- حقل الضبط: OSt
005 - تاريخ ووقت أخر عملية
- حقل الضبط: 20180817182344.0
008 - عناصر بيانات ثابتة الطول
- حقل تحكم ثابت الطول: 180817|| aca||aabn | a|a d
040 ## - مصدر الفهرسة
- هيئة الفهرسة الأصلية: OSt
- وكالة الكتابة: OSt
100 ## - مدخل -- أسم شخص
- إسم شخص: Salat, Anna
670 ## - بيانات المصدر موجوده
- الاستشهاد بالمصدر: Work cat.: (OSt)0: Manauta, Jordi 64314, Layers :, c2012
